000 00621nam a2200217Ia 4500
003 OSt
005 20221007082906.0
006 a|||||r|||| 00| 0
007 ta
008 221006b |||||||| |||| 00| 0 eng d
024 _a35,442
037 _cDissertations
040 _aFLL
_cFLL
_beng
041 _2eng
_aeng
100 _aGogne Vishal
_9699752
245 0 _aImpact of the protection ofr women from domestic violence act, 2005 on other legislations concerning protction of women in India
260 _c2010
300 _aiv,99p
_ccm.
942 _cDIS
_2CC
999 _c1168094
_d1168094